Stresses in plates and shells / (Record no. 546835)

000 -LEADER
fixed length control field 00714pam a2200217 a 4500
020 ## - INTERNATIONAL STANDARD BOOK NUMBER
International Standard Book Number 0070657696
082 00 - DEWEY DECIMAL CLASSIFICATION NUMBER
Classification number 624.1776
Author Mark UGU
-- N-1, P-44
100 1# - MAIN ENTRY--PERSONAL NAME
Personal name Ugural, A. C.
9 (RLIN) 40789
245 10 - TITLE STATEMENT
Title Stresses in plates and shells /
Statement of responsibility, etc. Ansel C. Ugural.
250 ## - EDITION STATEMENT
Edition statement 2nd ed.
260 ## - PUBLICATION, DISTRIBUTION, ETC.
Place of publication, distribution, etc. Boston :
Name of publisher, distributor, etc. WCB/McGraw Hill,
Date of publication, distribution, etc. c1999.
300 ## - PHYSICAL DESCRIPTION
Extent xx, 502 p. :
Other physical details ill. ;
Dimensions 24 cm.
526 ## - STUDY PROGRAM INFORMATION NOTE
Program name 0
Interest level 0
Reading level 0
Title point value 624_177600000000000_UGU
650 #0 - SUBJECT ADDED ENTRY--TOPICAL TERM
Topical term or geographic name entry element NUST
9 (RLIN) 6342
650 #0 - SUBJECT ADDED ENTRY--TOPICAL TERM
Topical term or geographic name entry element Plates (Engineering)
650 #0 - SUBJECT ADDED ENTRY--TOPICAL TERM
Topical term or geographic name entry element Shells (Engineering)
9 (RLIN) 42944
650 #0 - SUBJECT ADDED ENTRY--TOPICAL TERM
Topical term or geographic name entry element Strains and stresses.
9 (RLIN) 28238
856 41 - ELECTRONIC LOCATION AND ACCESS
Uniform Resource Identifier <a href="http://www.loc.gov/catdir/toc/mh022/98011759.html">http://www.loc.gov/catdir/toc/mh022/98011759.html</a>
856 42 - ELECTRONIC LOCATION AND ACCESS
Uniform Resource Identifier <a href="http://www.loc.gov/catdir/description/mh023/98011759.html">http://www.loc.gov/catdir/description/mh023/98011759.html</a>
942 ## - ADDED ENTRY ELEMENTS (KOHA)
Source of classification or shelving scheme
Koha item type Book
Holdings
Withdrawn status Lost status Source of classification or shelving scheme Damaged status Not for loan Permanent Location Current Location Date acquired Total Checkouts Full call number Barcode Date last seen Price effective from Koha item type
          Military College of Engineering (MCE) Military College of Engineering (MCE) 06/20/2014   624.1776 UGU MCE-44485 06/20/2014 06/20/2014 Book
© 2023 Central Library, National University of Sciences and Technology. All Rights Reserved.